000 00478nam a22001937a 4500
003 MPLRDC
005 20220104144239.0
008 210129b ||||| |||| 00| 0 eng d
020 _a957-754-436-3
082 _a874.57 MST
100 _a史蒂芬.莫斯塔
245 _a酷斯拉
_c
250 _a初版
260 _a
_b国际村文库书店有限公司
_c1998
300 _b
490 _a映相世纪. 2
650 _a美国现代小说
942 _cBK
_o874.57 MST
999 _c47786
_d47776